ბათუმის შოთა რუსთაველის სახელმწიფო უნივერსიტეტის ბიბლიოთეკა

ევროკავშირის პოლიტიკა : მიმდინარე საკითხები : (ბიბ.ჩანაწერი № 36515)

000 -ლიდერი
ფიქსირებული სიგრძის საკონტროლო ველი 01439nam a2200253Ia 4500
001 - საკონტროლო ნომერი
საკონტროლო ველი 2433
003 - საკონტროლო ნომრის იდენტიფიკატორი
საკონტროლო ველი GE_BSU
005 - ბოლო ოპერაციის თარიღი და დრო
საკონტროლო ველი 20210216144748.0
008 - ფიქსირებული სიგრძის მონაცემთა ელემენტები - ზოგადი ინფორმაცია
ფიქსირებული სიგრძის საკონტროლო ველი 181216s2007||||ge |||||||||||||| ||geo||
040 ## - კატალოგიზაციის წყარო
Transcribing agency GE_BSU
041 ## - ენის კოდი
Language code of text/sound track or separate title geo
080 ## - უნივერსალური ათობითი კლასიფიკაციის ინდექსი
Universal Decimal Classification number 327.7 ე–35
245 ## - ცნობა სათაურის შესახებ
Title ევროკავშირის პოლიტიკა : მიმდინარე საკითხები :
Remainder of title [კრებული] /
Statement of responsibility, etc გამოც. მუშაობდნენ: ვასილ ჭყოიძე, ეკა აკობია, დავით ჭოჭუა [და სხვ.] ; რედ.: კახა გოგოლაშვილი, სერგი კაპანაძე ; საქ. სტრატეგიისა და საერთაშ. ურთიერთობათა კვლევის ფონდი.
260 ## - გამოქვეყნების, გავრცელების, და სხვა. ცნობები
Place of publication, distribution, etc თბილისი
264 ## - წარმოების, გამოცემის, დისტრიბუციის და სხვა ცნობები
გამოცემის, წარმოების, დისტრიბუციის... ადგილი თბ.,
გამოცემის, წარმოების, დისტრიბუციის... თარიღი 2007
300 ## - ფიზიკური აღწერა
Extent 206 გვ.;
Other physical details 22 სმ.
653 ## - INDEX TERM--UNCONTROLLED
Uncontrolled term ევროკავშირი
700 ## - ADDED ENTRY--PERSONAL NAME
Personal name ჭყოიძე, ვასილ
Relator term ავტორი
9 (RLIN) 10131
700 ## - ADDED ENTRY--PERSONAL NAME
Personal name აკობია, ეკა
Relator term ავტორი
9 (RLIN) 10132
700 ## - ADDED ENTRY--PERSONAL NAME
Personal name ჭოჭუა, დავით
Relator term ავტორი
9 (RLIN) 10133
700 ## - ADDED ENTRY--PERSONAL NAME
Personal name გეგეშიძე, არჩილ
Relator term ავტორი
9 (RLIN) 880
700 ## - ADDED ENTRY--PERSONAL NAME
Personal name კაპანაძე, სერგი და სხვ.
Relator term ავტორი
9 (RLIN) 10134
942 ## - ADDED ENTRY ELEMENTS (KOHA)
Koha item type წიგნი
Source of classification or shelving scheme
ეგზემპლარები
ჩამოწერის სტატუსი დაკარგული ეგზემპლარის სტატუსი კლასიფიკაციის წყარო ან თაროზე გაწყობის სქემა დაზიანების სტატუსი არ გაიცემა მუდმივი მდებარეობა (დაცვის ადგილი) ამჟამინდელი ადგილსამყოფელი თაროზე განთავსების ადგილი შეძენის თარიღი ღირებულება, შესყიდვის ნორმალური ფასი სრული შენახვის შიფრი შტრიხკოდი ბოლო ოპერაციის თარიღი ეგზემპლარის მიმდევრობითი ნომერი (კეტერი?) ფასის ძალაში შესვლის თარიღი ეგზემპლარის სახეობა საჯარო შენიშვნა
          ბათუმის შოთა რუსთაველის სახელმწიფო უნივერსიტეტის მთავარი ბიბლიოთეკა ბათუმის შოთა რუსთაველის სახელმწიფო უნივერსიტეტის მთავარი ბიბლიოთეკა წიგნსაცავი 2018-12-17 10.00 327.7 ე–35 3352 2018-12-17 3352 2018-12-17 წიგნი 10 ლ.
          ბათუმის შოთა რუსთაველის სახელმწიფო უნივერსიტეტის მთავარი ბიბლიოთეკა ბათუმის შოთა რუსთაველის სახელმწიფო უნივერსიტეტის მთავარი ბიბლიოთეკა წიგნსაცავი 2018-12-17 10.00 327.7 ე–35 3353 2018-12-17 3353 2018-12-17 წიგნი 10 ლ.
          ბათუმის შოთა რუსთაველის სახელმწიფო უნივერსიტეტის მთავარი ბიბლიოთეკა ბათუმის შოთა რუსთაველის სახელმწიფო უნივერსიტეტის მთავარი ბიბლიოთეკა წიგნსაცავი 2018-12-17 10.00 327.7 ე–35 3354 2018-12-17 3354 2018-12-17 წიგნი 10 ლ.
          ბათუმის შოთა რუსთაველის სახელმწიფო უნივერსიტეტის მთავარი ბიბლიოთეკა ბათუმის შოთა რუსთაველის სახელმწიფო უნივერსიტეტის მთავარი ბიბლიოთეკა წიგნსაცავი 2018-12-17 10.00 327.7 ე–35 3355 2018-12-17 3355 2018-12-17 წიგნი 10 ლ.